Διαμόρφωση και Λεπτομέρειες Όπλισης Δομικών Στοιχείων από Σκυρόδεμα / Κωδικοποίηση - Εφαρμογές (Record no. 5665)
[ view plain ]
| 000 -LEADER | |
|---|---|
| fixed length control field | 01701cam a22001694a 4500 |
| 005 - ΗΜΕΡΟΜΗΝΙΑ ΚΑΙ ΩΡΑ ΤΕΛΕΥΤΑΙΑΣ ΕΝΗΜΕΡΩΣΗΣ | |
| Πεδίο ελέγχου | 20250605163511.0 |
| 008 - FIXED-LENGTH DATA ELEMENTS--GENERAL INFORMATION | |
| Πεδίο ελέγχου σταθερού μήκους | 250528s ||||||||||||||||||||||||d |
| 035 ## - SYSTEM CONTROL NUMBER | |
| System control number | 20574 |
| 040 ## - ΠΗΓΗ ΚΑΤΑΛΟΓΟΓΡΑΦΗΣΗΣ | |
| Φορέας πρωτότυπης καταλογογράφησης | MC Athens Campus Library |
| Γλώσσα καταλογογράφησης | Ελληνικά, Μοντέρνα (1453-) |
| Modifying agency | MC Athens Campus Library |
| Κανόνες περιγραφικής καταλογογράφησης | AACR2 |
| 245 1# - ΤΙΤΛΟΣ ΚΑΙ ΔΗΛΩΣΗ ΥΠΕΥΘΥΝΟΤΗΤΑΣ | |
| Τίτλος | Διαμόρφωση και Λεπτομέρειες Όπλισης Δομικών Στοιχείων από Σκυρόδεμα / Κωδικοποίηση - Εφαρμογές |
| 260 ## - PUBLICATION, DISTRIBUTION, ETC. | |
| Name of publisher, distributor, etc. | Χαλυβουργία Θεσσαλίας - Ελληνική Χαλυβουργία, |
| Date of publication, distribution, etc. | 2006 |
| 300 ## - PHYSICAL DESCRIPTION | |
| Extent | 68 |
| 520 ## - SUMMARY, ETC. | |
| Summary, etc. | Σχεδιασμός ασφαλών και οικονομικών έργων σύμφωνα με το ''πνεύμα'' του κανονισμού. Πρόλογος, Εισαγωγή, Περιεχόμενα, Χάλυβες Οπλισμών, Χάλυβες Λεπτομερειών Όπλισης, Καμπυλώσεις Οπλισμών, Επικαλύψεις Οπλισμών, Αποστάσεις Μεταξύ των Οπλισμών, Συνάφεια Σκυροδέματος - Οπλισμών, Αγκυρώσεις, Ένωση Οπλισμών, Διάταξη Διάμηκων Οπλισμών Ρηγματωμένων Στοιχείων, Αγκύρωση Οπλισμών Διάτμησης, Οπλισμοί Συρραφής Άρμων Διακοπής Σκυροδέτησης, Δέσμες Ράβδων, Κανόνες Διαμόρφωσης Δομικών Στοιχείων, Ανοχές Διαστάσεων, Πλάκες, Δοκοί, Υποστυλώματα, Τοιχώματα, Δομικά Στοιχεία Επιφανειακών Θεμελιώσεων, Βιβλιογραφια. |
| 942 ## - ADDED ENTRY ELEMENTS (KOHA) | |
| Koha item type | Books |
| Τύπος τεκμηρίου | Βιβλιοθήκη | Τρέχουσα τοποθεσία | Barcode | Αριθμός εισαγωγής | Ημερομηνία απόκτησης | Ταξιθετικό σύμβολο | Αριθμός αντιτύπου | Κατάσταση απόσυρσης | Κατάσταση χαμένου | Κατάσταση κατεστραμμένου | Μη δανεισμός | Σύνολο δανεισμών | Ημερομηνία τελευταίας εμφάνισης | Η τιμή ισχύει από |
|---|---|---|---|---|---|---|---|---|---|---|---|---|---|---|
| Books | MC Athens Campus Library | MC Athens Campus Library | 9780000056641 | 7054 | 05/06/2025 | 620 IGN | 1 | 05/06/2025 | 05/06/2025 |